000 01084cam a22002891 4500
001 gs 05001111
003 DLC
005 20260227111302.0
008 730130m18771883wiuabc 000 0 eng c
010 _ags 05001111
035 _a(OCoLC)547367
040 _aU.S. Geol. Survey. Libr.
_cODaWU
_dOCoLC
_dDLC
042 _apremarc
050 0 0 _aQE179
_b.A16
110 1 _aWisconsin.
_bChief Geologist.
245 1 0 _aGeology of Wisconsin.
_bSurvey of 1873-1879 ...
260 _a[Madison]
_bCommissioners of Public Print.,
_c1877-83.
300 _a4 v.
_billus., port., maps (part fold., part col.)
_c27 cm.
_eand atlas of 42 (i.e. 45) sheets. 22 x 8 cm.
500 _aVol. 2 has title: Geology of Wisconsin. Survey of 1873-1877.
500 _aPrevious publications relating to eatern Wisconsin: v. 2, p. [95]-96.
500 _aAnnual reports for the years 1873-75 included in v. 2.
650 0 _aGeology
_zWisconsin.
650 0 _aMines and mineral resources
_zWisconsin.
650 0 _aPaleontology
_zWisconsin.
650 0 _aAnimals
_zWisconsin.
650 0 _aPlants
_zWisconsin.
999 _c24345
_d24345